| 000 | 01067 a2200241 4500 | ||
|---|---|---|---|
| 003 | Nust | ||
| 005 | 20221229115653.0 | ||
| 010 | _a 89017553 | ||
| 020 | _a0890062900 | ||
| 040 | _cNust | ||
| 082 | 0 | 0 | _a623.7348,CHR |
| 100 | 1 |
_aChrzanowski, Edward J., _9106332 |
|
| 245 | 1 | 0 |
_aActive radar electronic countermeasures / _cEdward J. Chrzanowski. |
| 260 |
_aNorwood, MA : _bArtech House, _cc1990. |
||
| 300 |
_axv, 246 p. : _bill. ; _c24 cm. |
||
| 440 | 0 |
_aArtech House radar library _928729 |
|
| 505 | _aECM Overview (Page-1), ECM Principles (Page-21), Search Radar Range Countermeasures (Page-51), Search Radar Angle Countermeasures (Page-),87 Tracking Radar Range Countermeasures (Page-109), Tracking Radar Angle Countermeasures (Page-133), Other Radars (Page-165), Resource Management in CEM Systems (Page-177), Radar –ECM Challenges (Page-191). | ||
| 650 | 0 |
_aElectronic countermeasures. _9106333 |
|
| 650 | 0 |
_aRadar transmitters. _960684 |
|
| 650 | 0 |
_aRadar _xInterference. _9106334 |
|
| 650 | 0 |
_aRadar _xMilitary applications. _948895 |
|
| 942 |
_2ddc _cBK |
||
| 999 |
_c175896 _d175896 |
||